| 000 | 00612nam a2200205 i 4500 | ||
|---|---|---|---|
| 001 | 107603 | ||
| 003 | ES-MaACL | ||
| 005 | 20230906184444.0 | ||
| 007 | t| | ||
| 008 | 061121s1933 sp r ||||1| spa d | ||
| 080 | _a929 Juan (438) III | ||
| 080 | _a94(438)"1674/96" | ||
| 100 | 1 |
_aMorton, J.B. _983730 |
|
| 245 | 1 | 0 |
_aSobieski roi de Pologne, 1629-1696 / _cJ.B. Morton. |
| 260 |
_aParĂs : _bPayot, _c1933 ( _eMayenne : _fFloch) |
||
| 300 |
_a296 p., 4 map. ; _c20 cm. |
||
| 600 | 0 | 4 |
_aJuan III, _cRey de Polonia. _9176190 |
| 651 | 4 |
_aPolonia- _xHistoria- _y1674-1696. _9164037 |
|
| 852 | 4 |
_aES-MaACL _jA-2666 |
|
| 999 |
_c107603 _d107603 |
||